| 000 | 00713nam a2200229 i 4500 | ||
|---|---|---|---|
| 001 | 78723 | ||
| 003 | ES-MaACL | ||
| 005 | 20230906173808.0 | ||
| 007 | t| | ||
| 008 | 041015s1965 sp ||||1| spa d | ||
| 100 | 1 |
_aHeer, Friedrich. _962306 |
|
| 245 | 1 | 0 |
_aCoexistencia, colaboración, resistencia / _cFriedrich Heer ; [traducido al castellano por Víctor Scholz]. |
| 250 | _a[1ª ed.]. | ||
| 260 |
_aBarcelona : _b[Fontanella], _c1965. |
||
| 300 |
_a163 p. ; _c19 cm. |
||
| 490 | 1 |
_aPensamiento ; _v12 |
|
| 651 | 4 |
_aEuropa- _xHistoria eclesiástica. _9143299 |
|
| 700 | 1 |
_aScholz, Víctor. _9104643 |
|
| 830 | 0 |
_aPensamiento ; _v12 _9178722 |
|
| 852 |
_aES-MaACL _jF-7304 _bR.56306 |
||
| 999 |
_c78723 _d78723 |
||